Rozsypanka literowa – Części ciała - Statystyki

Ogólne statystyki
  • Ten quiz został rozwiązany 3 360 razy
  • Średni wynik to 17 z 27
Statystyki odpowiedzi
Część ciała % Poprawnych
Mózg
91%
Udo
91%
Zęby
90%
Nerw
87%
Pępek
87%
Krew
86%
Serce
83%
Wątroba
78%
Usta
77%
Kciuk
76%
Aorta
71%
Brzuch
71%
Talia
70%
Języczek
67%
Klatka
63%
źrenica
62%
Jajnik
59%
Czaszka
55%
Kostka
54%
Gruczoł
53%
Pachwina
42%
Kość udowa
34%
Nadgarstek
34%
Piszczel
34%
Skalp
32%
Policzek
26%
Trzonowiec
5%
Nie znaleziono quizów pasujących do podanych kryteriów
Rozkład punktacji
Procent ludzi z każdym wynikiem
Percentyl według liczby udzielonych odpowiedzi
Twoja historia wyników
Nie rozwiązałeś tego quizu